[Event "Eljanov Memorial 6th"]
[Site "Chess.com INT"]
[Date "2020.10.29"]
[Round "2"]
[White "Khabichev, Valeriy"]
[Black "Wang, Justin"]
[Result "0-1"]
[WhiteElo "2066"]
[BlackElo "2447"]
[PlyCount "62"]
[EventDate "2020.10.29"]
[EventType "swiss (blitz)"]
[EventRounds "9"]
[EventCountry "UKR"]
[SourceTitle "CBM 199 Extra"]
[Source "ChessBase"]
[SourceDate "2021.01.31"]
[SourceVersion "1"]
[SourceVersionDate "2021.01.31"]
[SourceQuality "1"]

1. d4 Nf6 2. c4 e6 3. Nf3 b6 4. g3 Ba6 5. Qc2 Bb7 6. Bg2 c5 7. dxc5 Bxc5 8. 0-0 0-0 9. a3 a5 10. Nc3 Nc6 11. Bf4 d5 12. cxd5 exd5 13. Rad1 Re8 14. Bg5 d4 15. Bxf6 Qxf6 16. Ne4 Qe7 17. Nxc5 bxc5 18. Rc1 Qxe2 19. Qxc5 d3 20. Qb6 Rab8 21. Rce1 Ne5 22. Rxe2 dxe2 23. Re1 Nxf3+ 24. Bxf3 Bxf3 25. Qxa5 Rbd8 26. h3 Rd1 27. g4 Rxe1+ 28. Qxe1 Rd8 29. Qa5 Rd1+ 30. Kh2 e1Q 31. Qa8+ Bxa8 0-1

[Event "Eljanov Memorial 6th"]
[Site "Chess.com INT"]
[Date "2020.10.29"]
[Round "4"]
[White "Matinian, Nikita"]
[Black "Khabichev, Valeriy"]
[Result "1-0"]
[WhiteElo "2470"]
[BlackElo "2066"]
[PlyCount "43"]
[EventDate "2020.10.29"]
[EventType "swiss (blitz)"]
[EventRounds "9"]
[EventCountry "UKR"]
[SourceTitle "CBM 199 Extra"]
[Source "ChessBase"]
[SourceDate "2021.01.31"]
[SourceVersion "1"]
[SourceVersionDate "2021.01.31"]
[SourceQuality "1"]

1. e4 c5 2. Nf3 d6 3. Bb5+ Nd7 4. d4 a6 5. Bxd7+ Qxd7 6. Nc3 cxd4 7. Qxd4 Nf6 8. Bg5 b5 9. 0-0-0 Bb7 10. e5 dxe5 11. Qxe5 Qc6 12. Rhe1 h6 13. Nd4 Qxg2 14. Nf5 Qxg5+ 15. f4 Qxf5 16. Qxf5 e6 17. Nxb5 Rc8 18. Rxe6+ fxe6 19. Qxe6+ Be7 20. Nd6+ Kd8 21. Nxc8+ Kc7 22. Nxe7 1-0

[Event "Eljanov Memorial 6th"]
[Site "Chess.com INT"]
[Date "2020.10.29"]
[Round "1"]
[White "Velychko, Semen"]
[Black "Khabichev, Valeriy"]
[Result "0-1"]
[WhiteElo "1363"]
[BlackElo "2066"]
[PlyCount "140"]
[EventDate "2020.10.29"]
[EventType "swiss (blitz)"]
[EventRounds "9"]
[EventCountry "UKR"]
[SourceTitle "CBM 199 Extra"]
[Source "ChessBase"]
[SourceDate "2021.01.31"]
[SourceVersion "1"]
[SourceVersionDate "2021.01.31"]
[SourceQuality "1"]

1. e4 c5 2. Nf3 Nc6 3. c3 d5 4. exd5 Qxd5 5. Bb5 Bg4 6. 0-0 Bxf3 7. Qxf3 Qxf3 8. gxf3 Rc8 9. d4 a6 10. Bxc6+ Rxc6 11. d5 Rg6+ 12. Kh1 Nf6 13. c4 b5 14. b3 e6 15. Re1 Kd7 16. Nc3 b4 17. Ne4 exd5 18. Nxf6+ Rxf6 19. cxd5 Rxf3 20. Bg5 f6 21. Bh4 Bd6 22. Re3 Rxe3 23. fxe3 Re8 24. Bf2 Re5 25. Rd1 Rh5 26. Bg1 Rh4 27. Kg2 c4 28. bxc4 Rxc4 29. Rd2 a5 30. Kf3 a4 31. e4 b3 32. axb3 axb3 33. Rb2 Rc3+ 34. Ke2 Ba3 35. Rb1 b2 36. Bd4 Rc1 37. Bxb2 Rc2+ 38. Kd3 Rxb2 39. Ra1 Rb3+ 40. Kc4 Rh3 41. Kb5 Rc3 42. Rg1 g6 43. h4 Kd6 44. h5 gxh5 45. Rg7 Re3 46. Rxh7 Rxe4 47. Rxh5 Bb2 48. Rf5 Be5 49. Kb6 Kxd5 50. Kb5 Re1 51. Kb4 Rb1+ 52. Ka3 Ke4 53. Rf2 f5 54. Ka2 Rb2+ 55. Rxb2 Bxb2 56. Kxb2 Kd3 57. Kc1 Ke2 58. Kc2 f4 59. Kc3 f3 60. Kd4 f2 61. Kd5 f1Q 62. Kd6 Qf5 63. Kc7 Qe6 64. Kb7 Qd6 65. Ka7 Qb4 66. Ka8 Kd3 67. Ka7 Kc4 68. Ka6 Kc5 69. Ka7 Kc6 70. Ka8 Qb7# 0-1